ბათუმის შოთა რუსთაველის სახელმწიფო უნივერსიტეტის ბიბლიოთეკა

პათოლოგანატომთა სრულიად საკავშირო კონფერენცია და მისი მნიშვნელობა / (ბიბ.ჩანაწერი № 62052)

000 -ლიდერი
ფიქსირებული სიგრძის საკონტროლო ველი 01003nam a22001937a 4500
003 - საკონტროლო ნომრის იდენტიფიკატორი
საკონტროლო ველი Ge_BSU
005 - ბოლო ოპერაციის თარიღი და დრო
საკონტროლო ველი 20240627162325.0
008 - ფიქსირებული სიგრძის მონაცემთა ელემენტები - ზოგადი ინფორმაცია
ფიქსირებული სიგრძის საკონტროლო ველი 240627s1955 ge ||||| |||| 00| 0 geo d
041 ## - ენის კოდი
Language code of text/sound track or separate title geo
080 ## - უნივერსალური ათობითი კლასიფიკაციის ინდექსი
Universal Decimal Classification number 616-091(47+57)(063) ტ-37
100 ## - მთავარი ჩანაწერი - პიროვნების სახელი
Personal name ტატიშვილი, ირ.
9 (RLIN) 22359
245 ## - ცნობა სათაურის შესახებ
Title პათოლოგანატომთა სრულიად საკავშირო კონფერენცია და მისი მნიშვნელობა /
Statement of responsibility, etc ირ. ტატიშვილი, თ. დეკანოსიძე; რედ. ვლ. ჟღენტი.
264 ## - წარმოების, გამოცემის, დისტრიბუციის და სხვა ცნობები
გამოცემის, წარმოების, დისტრიბუციის... ადგილი თბილისი :
გამოცემის, წარმოების, დისტრიბუციის... სახელწოდება საქმედგამის გამ-ბა და სტ.,
გამოცემის, წარმოების, დისტრიბუციის... თარიღი 1955.
300 ## - ფიზიკური აღწერა
Extent 48 გვ. ;
Other physical details 21 სმ.
653 ## - INDEX TERM--UNCONTROLLED
Uncontrolled term პათოლოგიური ანატომია
653 ## - INDEX TERM--UNCONTROLLED
Uncontrolled term კონფერენციები
700 ## - ADDED ENTRY--PERSONAL NAME
Personal name ჟღენტი, ვლ.
Relator term რედაქტორი
9 (RLIN) 22357
942 ## - ADDED ENTRY ELEMENTS (KOHA)
Source of classification or shelving scheme
Koha item type წიგნი
ეგზემპლარები
ჩამოწერის სტატუსი დაკარგული ეგზემპლარის სტატუსი კლასიფიკაციის წყარო ან თაროზე გაწყობის სქემა დაზიანების სტატუსი არ გაიცემა მუდმივი მდებარეობა (დაცვის ადგილი) ამჟამინდელი ადგილსამყოფელი თაროზე განთავსების ადგილი შეძენის თარიღი ღირებულება, შესყიდვის ნორმალური ფასი სრული შენახვის შიფრი შტრიხკოდი ბოლო ოპერაციის თარიღი ეგზემპლარის მიმდევრობითი ნომერი (კეტერი?) ფასის ძალაში შესვლის თარიღი ეგზემპლარის სახეობა საჯარო შენიშვნა
          ბათუმის შოთა რუსთაველის სახელმწიფო უნივერსიტეტის მთავარი ბიბლიოთეკა ბათუმის შოთა რუსთაველის სახელმწიფო უნივერსიტეტის მთავარი ბიბლიოთეკა წიგნსაცავი 2024-06-27 0.24 616-091(47+57)(063) ტ-37 68368 2024-06-27 68368 2024-06-27 წიგნი 0.24 თ.